ՀՀ Գիտությունների ազգային ակադեմիայի հիմնարար գիտական գրադարան  =   Fundamental Scientific Library of NAS RA

Кувейт / (Record no. 137425)

MARC details
000 -LEADER
fixed length control field 00687nam a2200217 u 4500
001 - CONTROL NUMBER
control field 000359303
003 - CONTROL NUMBER IDENTIFIER
control field AM-YeHGA
005 - DATE AND TIME OF LATEST TRANSACTION
control field 20250617131522.0
008 - FIXED-LENGTH DATA ELEMENTS--GENERAL INFORMATION
fixed length control field 040907s1984 ||| r 000 0 rus d
040 ## - CATALOGING SOURCE
Original cataloging agency AM-YeHGA
041 0# - LANGUAGE CODE
Language code of text/sound track or separate title rus
090 ## - LOCALLY ASSIGNED LC-TYPE CALL NUMBER (OCLC); LOCAL CALL NUMBER (RLIN)
-- 138798
100 1# - MAIN ENTRY--PERSONAL NAME
Personal name Михин, Виктор Леонович
245 10 - TITLE STATEMENT
Title Кувейт /
Statement of responsibility, etc. В.С. Михин.
260 ## - PUBLICATION, DISTRIBUTION, ETC.
Place of publication, distribution, etc. Москва :
Name of publisher, distributor, etc. Мысль,
Date of publication, distribution, etc. 1984.
300 ## - PHYSICAL DESCRIPTION
Extent 120 с.
Other physical details ил., карт.
490 1# - SERIES STATEMENT
Series statement У карты мира / Редкол. : Э.Б. Алаев (пред.) и др.
653 0# - INDEX TERM--UNCONTROLLED
Uncontrolled term Кувейт - География
653 0# - INDEX TERM--UNCONTROLLED
Uncontrolled term География - Кувейт
830 #0 - SERIES ADDED ENTRY--UNIFORM TITLE
Uniform title У карты мира
Holdings
Withdrawn status Lost status Damaged status Not for loan Collection Home library Current library Date acquired Total checkouts Full call number Barcode Date last seen Price effective from Koha item type Public note
        General Fundamental Scientific Library Fundamental Scientific Library 22/12/2016   91(536.8) 110054621 22/12/2016 22/12/2016 Գրքեր / Books 30 Days Loan


ՀՀ ԳԱԱ հիմնարար գիտական գրադարան
ՀՀ,Երևան 0019
Մարշալ Բաղրամյան 24/6
հեռախոս:(374-10) 52-47-50
Հետադարձ կապ

All site content, except where otherwise noted, is licensed under a
Creative Commons License